000 00880 a2200217 4500
001 22695
005 20260407155517.0
008 260407a1981 arg spa d
003 AR-UNSa-BCEJYS
040 _aAR-UNSa-BCEJYS
_bspa
_cAR-UNSa-BCEJYS
080 _a336.226.2
_xImpuestos sobre las propiedades (Impuestos de sellos)
245 1 0 _aImpuesto a la circulación económica. Sellos
_pTextos ordenados 1981 de la ley 22.364 y reglamentos. Comentarios.Doctrina.Jurisprudencia.
020 _a950-14-0004-2
264 1 _aBuenos Aires :
_bDepalma
_c1981
300 _a420 p.
_c23 cm.
505 _a1. Disposiciones generales - 2. Instrumentos públicos y privados - 3. Operaciones menores - 4. Excenciones - 5. Otras disposiciones.
942 _cBK
590 _aniveau_biblio:m niveau_hierar:0
100 1 _aGiuliani Fonrouge, Carlos M.
700 1 _aNavarrine, Susana Camila
999 _c1046
_d1046